[Lady Macbeth de Mtsensk (Registo nº 32206)

Detalhes MARC
000 -Etiqueta do registo
campo de controlo de comprimento fixo 006110000a22002050004500
001 - Identificador do registo
Campo de controlo 32206
010 ## - ISBN
Número (ISBN) 978-5-17-002511-4
100 ## - Dados Gerais de Proc.
Dados gerais de processamento 20150408d2007 e y0pory5003 ba
101 0# - Língua da publicação
Língua do texto, banda sonora, etc. Russo
102 ## - País de Publicação
País de publicação Federação da Rússia
200 1# - Título
Título próprio [Lady Macbeth de Mtsensk
Primeira menção de responsabilidade N.S. Leskov]
210 ## - Publicação, Distribuição
Lugar da edição, distribuição, etc. Mockßa
Nome do editor, distribuidor, etc. ACT
Data da publicação, distribuição, etc. 2007
215 ## - Descrição física
Descrição física 251, [1] p.
541 1# - Tít. traduzido pelo catalogador
Título traduzido Lady Macbeth de Mtsensk
675 ## - CDU
Notação 821.161.1-312.6
Edição BN
Língua da edição Português
675 ## - CDU
Notação 087.5-053.6
Edição BN
Língua da edição Português
700 #1 - Responsabilidade principal
Palavra de ordem Leskov
Outra parte do nome Nikolai
Datas 1831-1895
090 ## - Números de controlo do sistema (Koha)
Número biblioitem do Koha (gerado automaticamente) 32206
942 ## - Elementos de entrada adicionados (Koha)
Tipo de item no Koha Monografias
Suprimido Disponível no OPAC
999 ## - Campo local
Campo local 32206
-- Bibliobase - BMTAV
-- 2019-01-21
Exemplares
Perdido (estado) Data de aquisição Origem do registo (biblioteca) (codificado) Código da organização que empresta ou é detentora (biblioteca) Código de barras Cota Tipo de circulação (não pode ser emprestado) Tipo de item e material
Disponível 2015-04-08 Biblioteca Municipal Álvaro de Campos Biblioteca Municipal Álvaro de Campos BMTAV50794 MJ13 LES-D Normal Monografias